000
00335 a2200169 4500
001
177303
020
_a
978-85-08-06931-6
040
_c
Magnum
100
_a
França, Mary
240
1
0
_a
A banana
_l
por
245
1
0
_a
A banana
300
_a
16
362
0
_a
2012
440
1
_a
Ática
697
_a
MAGNITO: I/ANIMAIS
942
_c
BK
999
_c
177303
_d
177303